KOHA-Header-6

Applying Cutural Anthropology :An Introductory Reader (Record no. 10186)

000 -LEADER
fixed length control field 00293nam a2200109Ia 4500
100 ## - MAIN ENTRY--AUTHOR NAME
Personal name Holbeche ,Linda
245 #0 - TITLE STATEMENT
Title Applying Cutural Anthropology :An Introductory Reader
260 ## - PUBLICATION, DISTRIBUTION, ETC. (IMPRINT)
Place of publication California
Name of publisher Mayfield
Year of publication 2001
300 ## - PHYSICAL DESCRIPTION
Number of Pages 494
942 ## - ADDED ENTRY ELEMENTS (KOHA)
Koha item type Books

No items available.

Powered by Koha